LoL Worlds Top 20 2019 - Statistics

General Stats
  • This quiz has been taken 91 times
  • The average score is 16 of 20
Answer Stats
Hint Answer % Correct
5 Caps
99%
7 Jankos
97%
3 Perkz
97%
1 Doinb
94%
20 Mikkyx
94%
14 Wunder
94%
17 Faker
92%
2 Tian
92%
9 Lwx
87%
6 Crisp
86%
16 TheShy
80%
12 Gimgoon
79%
13 Rookie
79%
18 Jackeylove
72%
4 Teddy
70%
11 Chovy
69%
15 Khan
68%
8 Viper
61%
19 Tarzan
56%
10 Clid
52%
No matching quizzes found
Score Distribution
Percent of People with Each Score
Percentile by Number Answered
Your Score History
You have not taken this quiz